00258nam a22000857a 4500040000900000082001700009100002200026245010400048300002000152 cnust a388.068bDAG aCarlos F. Daganzo aPublic transportation systemsbPrinciples of system Design, oprations planing and real-time control a493 pagesc25cm